ბათუმის შოთა რუსთაველის სახელმწიფო უნივერსიტეტის ბიბლიოთეკა

საეკლესიო გლობალიზაციის ისტორია კავკასიაში (ბიბ.ჩანაწერი № 47810)

000 -LEADER
fixed length control field 00833nam a2200217Ia 4500
001 - CONTROL NUMBER
control field 14684
003 - CONTROL NUMBER IDENTIFIER
control field GE_BSU
008 - FIXED-LENGTH DATA ELEMENTS--GENERAL INFORMATION
fixed length control field 181216s||||||||xx |||||||||||||| ||und||
040 ## - CATALOGING SOURCE
Transcribing agency GE_BSU
080 ## - UNIVERSAL DECIMAL CLASSIFICATION NUMBER
Universal Decimal Classification number 322(470:479)+271.22(470)+325.3(470:479)
100 ## - MAIN ENTRY--PERSONAL NAME
Personal name პავლიაშვილი,ქეთევან
245 ## - TITLE STATEMENT
Title საეკლესიო გლობალიზაციის ისტორია კავკასიაში
245 ## - TITLE STATEMENT
Statement of responsibility, etc. რედ. მიტროპოლიტი ანანია(ჯაფარიძე)
260 ## - PUBLICATION, DISTRIBUTION, ETC.
Place of publication, distribution, etc. თბილისი
260 ## - PUBLICATION, DISTRIBUTION, ETC.
Name of publisher, distributor, etc. დანი
260 ## - PUBLICATION, DISTRIBUTION, ETC.
Date of publication, distribution, etc. 2008
300 ## - PHYSICAL DESCRIPTION
Extent 486გვ.
653 ## - INDEX TERM--UNCONTROLLED
Uncontrolled term საეკლესიო გლობალიზაციის ისტორია კავკასიაში
942 ## - ADDED ENTRY ELEMENTS (KOHA)
Koha item type წიგნი
ეგზემპლარები
Withdrawn status Lost status Damaged status Not for loan Date acquired Barcode Date last seen Price effective from Koha item type
        2018-12-17 1216 2018-12-17 2018-12-17 წიგნი